LEADER 00840nam0-22003011i-450- 001 990002410280403321 005 20101117105215.0 010 $a88-87479-00-3 035 $a000241028 035 $aFED01000241028 035 $a(Aleph)000241028FED01 035 $a000241028 100 $a20030910d1998----km-y0itay50------ba 101 0 $aita 200 1 $aMalattie respiratorie$fFrancesco Bariffi, Antonio Ponticiello 210 $aNapoli$cCuzzolin$d1998 215 $a236 p.$cill.$d24 cm 610 0 $aApparato respiratorio$aMalattie 676 $a616.2 700 1$aBariffi,$bFrancesco$0367427 702 1$aPonticiello,$bAntonio 801 0$aIT$bUNINA$gRICA$2UNIMARC 901 $aBK 912 $a990002410280403321 952 $a90 R 3a 15$bS.I.$fFMEBC 959 $aFMEBC 996 $aMalattie respiratorie$9440282 997 $aUNINA LEADER 00995nam a2200277 i 4500 001 991001957019707536 005 20020507154440.0 008 000516s1996 it ||| | ita 020 $a883486123X 035 $ab11588640-39ule_inst 035 $aLE02728049$9ExL 040 $aDip.to Studi Giuridici$bita 082 0 $a340.1 100 1 $aMazzarese, Tecla$0263298 245 10$aForme di razionalità delle decisioni giudiziali /$cTecla Mazzarese 260 $aTorino :$bG. Giappichelli,$c[1996] 300 $a222 p. ;$c23 cm. 490 0 $aAnalisi e diritto. Serie teorica ;$v25 650 4$aDiritto$xLinguaggio 650 4$aLogica deontica 907 $a.b11588640$b01-03-17$c02-07-02 912 $a991001957019707536 945 $aLE027 340.10 TEC01.01$g1$i2027000206926$lle027$o-$pE0.00$q-$rl$s- $t0$u1$v0$w1$x0$y.i11797940$z02-07-02 996 $aForme di razionalità delle decisioni giudiziali$9896362 997 $aUNISALENTO 998 $ale027$b01-01-00$cm$da $e-$fita$git $h0$i1